1825 1312 1353 1783 1974 1854 1901 1971 1140 1707 1176 1254 1553 1900 1144 1103 1615 1559 1369 1414 1741 1706 1392 1199 1323 1149 1865 1552 1593 1698 1848 1707 1216 1432 1607 1928 1113 1989 1309 1038 1093 1131 1593 1377 1133 1923 1877 1444 1897 1678 1722 1852 1239 1341 1027 1180 1569 1080 1994 1348 1532 1107 1902 1501 1427 1301 1785 1985 1993 1571 1707 1141 1061 1439 1679 1181 1058 1620 1841 1757 1300 1417 1210 1108 1729 1222 1431 1711 1585 1548 1937 1475 1018 1955 1215 1127 1770 1600 1947 BCNSPRNW ULIB Ver.6.0+V

เปลี่ยนเป็นภาษาไทย

Change to English
 แสดงรายละเอียดบรรณานุกรม
  กลับหน้าหลัก

Brief Record : Get Marc (ISO 2709) : E-mail record : QR code < ปิดหน้าต่าง
LEADER : 00000nam 2200000uu 4500
001    13399124512
003     ULIB
008    150817s2556 th a 000 0 tha d
020    9789749804287
020    9789749804285
090    นว.^bล158ต ล.10
100    ล่อร่า อิงกัลล์ส์ ไวล์เดอร์;^eผู้แต่ง
245    ตามทางสู่เหย้า/^cล่อร่า อิงกัลล์ส์ ไวล์เดอร์. ; เขียน ,สุคนธรส. ; แปล
250    พิมพ์ครั้งที่ 10
260    กรุงเทพฯ :^bแพรวเยาวชน,^c2556
300    150 หน้า;^b18.5 ซม.
500    หนังสือชุดบ้านเล็ก
700    สุคนธรส ;^eแปล
945    ^p75^l0^i039781
999    ^aทศพร
รายการนี้ยังไม่มีแท็ก
คุณยังไม่ได้ล็อกอิน คุณสามารถมีกิจกรรมร่วมกับเว็บไซต์ได้ แต่ต้องล็อกอินก่อน ::
  ล็อกอิน

รายการสื่อสารสนเทศ

ลำดับที่ ประเภท เลขเรียก/บาร์โค้ด สถานที่ สถานะ
1. นวนิยาย
นวนิยาย
นว. ล158ต ล.10 ฉ.1 
  Barcode: 039781
ห้องสมุดวิทยาเขตสวรรค์ประชารักษ์
►นวนิยาย
บนชั้น
  ขอยืม

BibComment


ยังไม่เคยถูกคอมเมนท์

คอมเมนท์ทรัพยากรรายการนี้
  คอมเมนท์: ตามทางสู่เหย้า ล่..


 Copyright 2026. Bcnsprnw @Library